MARC details
| 000 -CABECERA |
| campo de control de longitud fija |
01321nam a2200181 a 4500 |
| 001 - NÚMERO DE CONTROL |
| campo de control |
000047387 |
| 005 - FECHA Y HORA DE LA ÚLTIMA TRANSACCIÓN |
| campo de control |
20201002060519.0 |
| 008 - DATOS DE LONGITUD FIJA--INFORMACIÓN GENERAL |
| campo de control de longitud fija |
180511s2003 dr 00 0 0 spa d |
| 040 ## - FUENTE DE LA CATALOGACIÓN |
| Centro catalogador/agencia de origen |
DO-SdBNP |
| Lengua de catalogación |
spa |
| Centro/agencia transcriptor |
BNPHU |
| 110 2# - ENTRADA PRINCIPAL--NOMBRE DE ENTIDAD CORPORATIVA |
| Nombre de entidad corporativa o nombre de jurisdicción como elemento de entrada |
República Dominicana : |
| 9 (RLIN) |
447 |
| 240 10 - TÍTULO UNIFORME |
| Título uniforme |
[Leyes, etc] |
| 245 00 - MENCIÓN DE TÍTULO |
| Título |
Reglamentos tributarios para la aplicación de títulos II, III y IV del código triburario de la República Dominicana : |
| Resto del título |
decreto no. 139-98 13 de abril de 1998, decreto no. 140-98 del 13 de abril de 1998, decreto no. 79-03 del 14 de febrero del2003. Modificados por los decretos nos. 195-01 y 196-01, respectivamente, de fecha 8 de febrero del 2001. y el decreto180-03 que modifica el reglamento de aplicación de la Ley no. 20-00 sobre propiedad industrial . / |
| Mención de responsabilidad, etc. |
Remberto Díaz Núñez. |
| 260 ## - PUBLICACIÓN, DISTRIBUCIÓN, ETC. |
| Lugar de publicación, distribución, etc. |
Santo Domingo, República Dominicana : |
| Nombre del editor, distribuidor, etc. |
[Cenado de la República], |
| Fecha de publicación, distribución, etc. |
2003. |
| 300 ## - DESCRIPCIÓN FÍSICA |
| Extensión |
142 p. ; |
| Dimensiones |
21 cm. |
| 505 0# - NOTA DE CONTENIDO CON FORMATO |
| Nota de contenido con formato |
Reglamento para la aplicación de títulos II, III y IV DEL código tributario de la República Dominicana -- |
| Título |
Del impuesto sbore la renta -- |
| -- |
Impuesto sobre transferencias de bienes indutrializados y servicios (ITEBIS) -- |
| -- |
Reglamento para la aplicación del títutlo IV del Código Triburario de la República Dominicana |
| 590 ## - NOTA LOCAL (RLIN) |
| Nota local |
Inventariado, 2019/VM |
| 700 1# - PUNTO DE ACCESO ADICIONAL--NOMBRE DE PERSONA |
| Nombre de persona |
Díaz Núñez, Remberto |
| 9 (RLIN) |
14514 |